000 00548nam a2200205 a 4500
001 13263
003 CO-ViMGA
008 141112s2004 ck r 000 u spa d
020 _a9580445920
040 _aCO-ViMGA
_bspa
_cCO-ViMGA
082 0 4 _aCo863 V172C
100 1 _aVasco, Irene
_919447
245 1 0 _aCambio de voz
260 _aBogotá :
_bNorma,
_c1998
300 _a70
490 _aZona Libre
590 _aForma de adquisición : Compra 2005 - - Precio :
_17.010 Ej.1.
650 1 4 _aCUENTOS JUVENILES COLOMBIANOS
_99
942 _2ddc
_cBK
999 _c24011
_d24011